Revista de Derecho (Registro nro. 29563)
[ vista simple ]
| 000 -LEADER | |
|---|---|
| fixed length control field | 02031nas a22003377a 4500 |
| 003 - CONTROL NUMBER IDENTIFIER | |
| control field | CO-CtgCURN |
| 005 - DATE AND TIME OF LATEST TRANSACTION | |
| control field | 20250407152859.0 |
| 007 - PHYSICAL DESCRIPTION FIXED FIELD--GENERAL INFORMATION | |
| fixed length control field | cr || aaaaa |
| 008 - FIXED-LENGTH DATA ELEMENTS--GENERAL INFORMATION | |
| fixed length control field | 240625c1992 xx fr n 000 0 und d |
| 022 ## - INTERNATIONAL STANDARD SERIAL NUMBER | |
| International Standard Serial Number | 0121-8697 |
| 022 ## - INTERNATIONAL STANDARD SERIAL NUMBER | |
| International Standard Serial Number | 2145-9355 (digital) |
| 040 ## - CATALOGING SOURCE | |
| Original cataloging agency | CO-CtgCURN |
| Language of cataloging | spa |
| Transcribing agency | coctgcurn |
| Description conventions | rda |
| 043 ## - GEOGRAPHIC AREA CODE | |
| Geographic area code | s-ck--- |
| 082 ## - DEWEY DECIMAL CLASSIFICATION NUMBER | |
| Classification number | 340 |
| 110 ## - MAIN ENTRY--CORPORATE NAME | |
| Corporate name or jurisdiction name as entry element | Universidad del Norte. |
| Subordinate unit | División Derecho, Ciencia Política y Relaciones Internacionales |
| 9 (RLIN) | 10026 |
| 245 #0 - TITLE STATEMENT | |
| Title | Revista de Derecho |
| Medium | [electronic resource] / |
| Remainder of title | Universidad del Norte |
| 260 ## - PUBLICATION, DISTRIBUTION, ETC. | |
| Place of publication, distribution, etc. | Barranquilla, Atlántico : |
| Name of publisher, distributor, etc. | Universidad del Norte, |
| Date of publication, distribution, etc. | 1992 |
| 300 ## - PHYSICAL DESCRIPTION | |
| Extent | volúmenes : |
| Other physical details | ilustraciones, gráficas, tablas ; |
| Dimensions | 25 centímetros |
| 336 ## - CONTENT TYPE | |
| Source | rdacontent |
| 337 ## - MEDIA TYPE | |
| Source | rdamedia |
| 338 ## - CARRIER TYPE | |
| Source | rdacarrier |
| 504 ## - BIBLIOGRAPHY, ETC. NOTE | |
| Bibliography, etc. note | Incluye referencias bibliográficas |
| 520 ## - SUMMARY, ETC. | |
| Summary, etc. | La Revista de Derecho es una publicación semestral arbitrada, financiada por la Universidad del Norte (Colombia) ISSN 0121-8697 (impreso) • ISSN 2145-9355 (on line), Index Nacional de Publicaciones Seriadas y Científicas y Tecnológicas de Colciencias -Publindex- Categoría B. Tiene por objeto divulgar trabajos de investigación científica en derecho. Su finalidad es la publicación y difusión de artículos que contribuyan a la ciencia jurídica nacional e internacional. Se compone de dos secciones permanentes: (I) Artículos de Investigación, (II) Estudios de caso y, excepcionalmente, (III) Reseñas bibliográficas. La Revista de Derecho acoge contenidos inéditos escritos en inglés, español, francés, italiano y portugués, con el fin de promover un diálogo transfronterizo e intercultural. |
| 521 ## - TARGET AUDIENCE NOTE | |
| Target audience note | AREA PROFESIONAL |
| 550 ## - ISSUING BODY NOTE | |
| Issuing body note | Publicación de la Universidad del Norte |
| 590 ## - LOCAL NOTE (RLIN) | |
| Local note | Programa de Derecho_18 |
| 650 ## - SUBJECT ADDED ENTRY--TOPICAL TERM | |
| Topical term or geographic name entry element | Derecho |
| Form subdivision | Publicaciones periódicas |
| 9 (RLIN) | 10027 |
| 856 ## - ELECTRONIC LOCATION AND ACCESS | |
| Uniform Resource Identifier | <a href="https://rcientificas.uninorte.edu.co/index.php/derecho/index">https://rcientificas.uninorte.edu.co/index.php/derecho/index</a> |
| Link text | Haga clic para acceso en línea |
| 942 ## - ADDED ENTRY ELEMENTS (KOHA) | |
| Koha item type | Revistas electrónicas |
| Classification part | 340 |
| Source of classification or shelving scheme | Dewey Decimal Classification |
| Withdrawn status | Lost status | Source of classification or shelving scheme | Damaged status | Not for loan | Collection | Home library | Current library | Date acquired | Total checkouts | Full call number | Date last seen | Price effective from | Koha item type |
|---|---|---|---|---|---|---|---|---|---|---|---|---|---|
| Dewey Decimal Classification | Revistas electrónicas | Miguel Henríquez Castañeda Barranquilla | Miguel Henríquez Castañeda Barranquilla | 06/22/2024 | 340 | 06/25/2024 | 06/25/2024 | Revistas electrónicas |